Normal view
MARC view
Entry Personal Name
001 - CONTROL NUMBER
- control field: 749889
003 - CONTROL NUMBER IDENTIFIER
- control field: OSt
005 - DATE AND TIME OF LATEST TRANSACTION
- control field: 20250326144547.0
008 - FIXED-LENGTH DATA ELEMENTS
- fixed length control field: 250326|| aca||aabn | a|a d
040 ## - CATALOGING SOURCE
- Original cataloging agency: OSt
- Transcribing agency: OSt
100 ## - HEADING--PERSONAL NAME
- Personal name: Schaie K W
670 ## - SOURCE DATA FOUND
- Source citation: Work cat.: (OSt)1304167: Schaie K W, Developmental influences on adult intelligence : seattle longitudinal study, 2005
